Normal view MARC view
  • Abu Hassan Sham,

Entry Personal Name

Number of records used in: 2

001 - CONTROL NUMBER

  • control field: 2050

003 - CONTROL NUMBER IDENTIFIER

  • control field: OSt

005 - DATE AND TIME OF LATEST TRANSACTION

  • control field: 20170508100644.0

008 - FIXED-LENGTH DATA ELEMENTS

  • fixed length control field: 170508|| aca||aabn | a|a d

040 ## - CATALOGING SOURCE

  • Original cataloging agency: OSt
  • Transcribing agency: OSt

100 ## - HEADING--PERSONAL NAME

  • Personal name: Abu Hassan Sham,
  • Dates associated with a name: 1945-

670 ## - SOURCE DATA FOUND

  • Source citation: Work cat.: (OSt): Abu Hassan Sham, 1945-, Hukum kanun Melaka /, 1995
Pusat Sumber Maklumat Dato' Haji Sarmin Md Hussin, Akademi Kastam Diraja Malaysia, Melaka
Tel: 06-2331106 | Faks: 06-2313787